000 00580nam a2200193Ia 4500
005 20250923145917.0
008 008 250917s9999 xx 000 0 eng d
037 _aTextual
040 _aDSWL
_beng
_cDSWL
041 _aeng
_2eng
084 _aY:7:7x4, N90;1
_qDSWL
245 0 _aSocial implications of development: The Asian experience
_cEd. by M.S. Gore
260 _aAllahabad
_b Vindhyal Parkashan P. Ltd. Cor.
_c1990
300 _axiv,180p.
365 _aINR
_b180.00
925 _g180.00
942 _cTEXL
_hY:7:7x4, N90;1
999 _c1457238
_d1457238